000 00486nam a2200217Ia 4500
008 210210b1923 xxu||||| |||| 00| 0 eng d
041 _aeng
082 _a883/66
100 _aRAMACHANDRA
245 _aSatya harishchandra nATaka by Arte and others
260 _aBombay
_b-
_c1923
650 _aSatya
650 _aothers
650 _anATaka
650 _aharishchandra
650 _aby
650 _aArte
650 _aand
690 _aSanskrit Drama
906 _a024396
999 _c149887
_d149887